Music Quiz

Random Music or Song Quiz

1970s Song Title Beginnings Quiz Stats

 Plays Quiz Updated Oct 31, 2017

Challenge
Share
Tweet
Embed
Score 0/32 Timer 05:00
0 Plays Today
% Correct
Stayin'
97.7%
Hotel
97.4%
Dancing
97.2%
Killing
97%
Fly
97%
Stairway
96.8%
Born
96.8%
Highway
96.8%
Tired
95.8%
Piano
95.5%
Walk
95.1%
Brown
94.9%
Maggie
94.8%
Fire
94.8%
Hot
94.6%
Lady
94.2%
% Correct
Smoke
93.9%
Midnight
93.6%
School's
93.3%
Sultans
93.3%
Tiny
92.6%
Free
92.5%
Bang
92.4%
Riders
91.6%
Disco
90%
Anarchy
89.4%
Brick
89.4%
Baba
89.1%
Rapper's
85.7%
Boogie
85.4%
Lust
84.6%
Long
83.8%

You're not logged in!

Compare scores with friends on all Sporcle quizzes.
OR
Log In

You Might Also Like...

Show Comments

Extras

Top Quizzes Today


Score Distribution

Your Account Isn't Verified!

In order to create a playlist on Sporcle, you need to verify the email address you used during registration. Go to your Sporcle Settings to finish the process.

Report this User

Report this user for behavior that violates our Community Guidelines.

Details: